Der Landschaftsmaler Paul Lehmann-Brauns

Titel: Der Landschaftsmaler Paul Lehmann-Brauns : Biographie (1885-1970) und Werkverzeichnis der Gemälde / Elke Gennrich
Verfasser:
Beteiligt:
Veröffentlicht: Heide : Boyens, 2004
Umfang: 352 Seiten : Illustrationen ; 25 cm
Format: Buch
Sprache: Deutsch
RVK-Notation:
Schlagworte:
ISBN: 3804211313
Buchumschlag
X
alg: 11917641
001A    $06000:26-02-04 
001B    $01999:04-12-25 $t22:11:30.000 
001D    $06000:26-02-04 
001U    $0utf8 
001X    $00 
002@    $0Aaxaf 
002C    $aText $btxt $2rdacontent 
002C    $aunbewegtes Bild $bsti $2rdacontent 
002D    $aohne Hilfsmittel zu benutzen $bn $2rdamedia 
002E    $aBand $bnc $2rdacarrier 
003@    $0119176416 
003O    $0249159723 $aOCoLC 
004A    $03-8042-1131-3 $fPp. : EUR 19.90, sfr 33.60 
004K    $09783804211315 
006G    $0969567456 
006T    $004,N02,2114 
006U    $004,A11,1251 
007A    $0969567456 $aDNB 
007G    $0DE0203B0CCA64A2A85124C1258B43003A4DFB 
009P    $qapplication/pdf $A2 $3Inhaltsverzeichnis $uhttp://scans.hebis.de/HEBCGI/show.pl?11917641_toc.pdf $mV:DE-603;B:DE-Mb50 
009P    $qapplication/pdf $A2 $3Buch Bibliographie $uhttp://scans.hebis.de/HEBCGI/show.pl?11917641_bib.pdf $mV:DE-603;B:DE-Mb50 
009P    $qapplication/pdf $A2 $3Cover $uhttp://scans.hebis.de/HEBCGI/show.pl?11917641_cov.pdf $mV:DE-603;B:DE-Mb50 
009P    $qapplication/pdf $A2 $3Abstract $uhttp://scans.hebis.de/HEBCGI/show.pl?11917641_sum.pdf $mV:DE-603;B:DE-Mb50 
010@    $ager 
011@    $a2004 $n2004 
013D    $#Catalogues raisonnés $#Catalogues raisonnés $#Werkkatalog $#Oeuvrekatalog $#Oeuvre-Verzeichnis $#Thematischer Katalog Formschlagwort $#Thematisches Verzeichnis Formschlagwort $74189680-4 $8Werkverzeichnis [Ts1] $9085937487 
013D    $RBiograf $RLebenslauf $RBiografik $#Biography $#Biography as a literary form $#Biographies $#Biografie $#Biografía $#biographies $#Biographie $#Biographie $#Biographie $#Biographisches Nachschlagewerk $#Lebensbeschreibung $#Berühmte Persönlichkeit Biografie $#Biografisches Nachschlagewerk $74006804-3 $8Biografie [Tsz] $9085010375 $y1885-1970 
017A    $asf 
021A    $aDer @Landschaftsmaler Paul Lehmann-Brauns $dBiographie (1885-1970) und Werkverzeichnis der Gemälde $hElke Gennrich 
028A    $BVerfasser $#Lehmann-Brauns, Elke $4aut $71055752315 $8Gennrich, Elke$Z1940- [Tp3] $934531395X 
028C    $BIllustrator $#Brauns, Paul Lehmann- $4ill $7128716738 $8Lehmann-Brauns, Paul$Z1885-1970 [Tp1] $9118879103 
033A    $pHeide $nBoyens 
034D    $a352 Seiten 
034I    $a25 cm 
034M    $aIllustrationen 
044K    $qDNB $#Brauns, Paul Lehmann- $7128716738 $8Lehmann-Brauns, Paul$Z1885-1970 [Tp1] $9118879103 
044K    $qDNB $RMalerei $RLandschaft $#Landscape painting $#Peinture de paysage $#Paesaggio  $#Pintura de paisaje $#Landschaftsgemälde $74114355-3 $8Landschaftsmalerei [Ts1] $908534186X 
044K    $#Danzig $#Ville Libre de Danzig $#Dantzig $#Ville Libre de Dantzig $#Freistaat Danzig $#Gdańsk $#Freie Stadt Danzig $#Urząd Miejski w Gdańsku $#Gyddanzyc $#Gedanum $#Dantiscum $74011039-4 $8Danzig [Tg1] $9085022225 
044K    $RGemälde $RMalen $RKunstgattung $#Painting $#Peinture $#Pittura $#Pintura $#Paintings $#Holztafelmalerei $#Tafelbild Malerei $#Tafelmalerei $74037220-0 $8Malerei [Tsz] $9085101273 
045E    $c750 
045F    $a709.43820904 $eDDC23BSB 
045F/01 $a709 
045F/03 $f0904 
045F/03 $g4382 
045F/03 $g43 
045Z    $8LI 99999 [Tkv] $9409939021 

lok: 11917641 24

exp: 11917641 24 1 #EPN
201B/01 $013-06-24 $t13:39:28.000 
201C/01 $013-06-24 
201U/01 $0utf8 
203@/01 $01265403724 
208@/01 $a13-06-24 $bz 
209A/01 $a24.03089 $du $f050 $h24 03089 $x00 
209C/01 $a24.03089 T $h24 03089 T 
209G/01 $a74499678 $x00 
220C/01 $awei 
247C/01 $8358050-7 Marburg, Bibliothek des Herder-Instituts Marburg $9102600961
LEADER 00000cam a22000002c 4500
001 119176416
003 DE-603
005 20251204221130.0
007 tu
008 040226s2004 xx |||| | u00||u|ger
015 |a 04,A11,1251  |z 04,N02,2114  |2 dnb 
016 7 |2 DE-101  |a 969567456 
020 |a 3804211313  |c Pp. : EUR 19.90, sfr 33.60 
024 3 |a 9783804211315 
035 |a (DE-599)DNB969567456 
035 |a (OCoLC)249159723 
040 |a DE-603  |b ger  |c DE-603  |d DE-603 
041 |a ger 
082 0 4 |8 1\u  |a 709.43820904  |q DE-101  |2 23/BSB 
084 |a 750  |q DE-101  |2 sdnb 
084 |a LI 99999  |0 (DE-625)97471:  |0 (DE-603)409939021  |2 rvk 
085 |8 1\u  |b 709 
085 |8 1\u  |z 1  |s 0904 
085 |8 1\u  |z 2  |s 4382 
085 |8 1\u  |z 2  |s 43 
090 |a b 
100 1 |a Gennrich, Elke  |d 1940-  |e Verfasser  |4 aut  |0 (DE-603)34531395X  |0 (DE-588)1055752315  |2 gnd 
245 0 0 |a ˜Derœ Landschaftsmaler Paul Lehmann-Brauns  |b Biographie (1885-1970) und Werkverzeichnis der Gemälde  |c Elke Gennrich 
264 1 |a Heide  |b Boyens  |c 2004 
300 |a 352 Seiten  |b Illustrationen  |c 25 cm 
336 |a Text  |b txt  |2 rdacontent 
336 |a unbewegtes Bild  |b sti  |2 rdacontent 
337 |a ohne Hilfsmittel zu benutzen  |b n  |2 rdamedia 
338 |a Band  |b nc  |2 rdacarrier 
600 1 7 |a Lehmann-Brauns, Paul  |d 1885-1970  |0 (DE-588)128716738  |0 (DE-603)118879103  |2 gnd 
650 7 |a Landschaftsmalerei  |0 (DE-588)4114355-3  |0 (DE-603)08534186X  |2 gnd 
650 7 |a Malerei  |0 (DE-588)4037220-0  |0 (DE-603)085101273  |2 gnd 
651 7 |a Danzig  |0 (DE-588)4011039-4  |0 (DE-603)085022225  |2 gnd 
655 7 |a Werkverzeichnis  |2 gnd-content  |0 (DE-588)4189680-4  |0 (DE-603)085937487 
655 7 |a Biografie  |y 1885-1970  |2 gnd-content  |0 (DE-588)4006804-3  |0 (DE-603)085010375 
700 1 |a Lehmann-Brauns, Paul  |d 1885-1970  |e Illustrator  |4 ill  |0 (DE-603)118879103  |0 (DE-588)128716738  |2 gnd 
856 4 2 |m V:DE-603;B:DE-Mb50  |q application/pdf  |u http://scans.hebis.de/HEBCGI/show.pl?11917641_toc.pdf  |3 Inhaltsverzeichnis 
856 4 2 |m V:DE-603;B:DE-Mb50  |q application/pdf  |u http://scans.hebis.de/HEBCGI/show.pl?11917641_bib.pdf  |3 Buch Bibliographie 
856 4 2 |m V:DE-603;B:DE-Mb50  |q application/pdf  |u http://scans.hebis.de/HEBCGI/show.pl?11917641_cov.pdf  |3 Cover 
856 4 2 |m V:DE-603;B:DE-Mb50  |q application/pdf  |u http://scans.hebis.de/HEBCGI/show.pl?11917641_sum.pdf  |3 Abstract 
924 0 |9 Mb 50  |a (DE-603)1265403724  |b DE-Mb50  |c HES  |d c  |g 24.03089